Η κυρά της θάλασσας : δράμα σε πέντε μέρη

Αποθηκεύτηκε σε:
Λεπτομέρειες βιβλιογραφικής εγγραφής
Κύριος συγγραφέας: Ibsen, Henrik, 1828-1906
Άλλοι συγγραφείς: Κουκούλας, Λέων, 1894-1967 (Μεταφραστής)
Μορφή: Βιβλίο
Γλώσσα:Greek
Δημοσίευση: Αθήνα : Γκοβόστη, [198-].
Σειρά:Άπαντα Ιψεν 3
Θέματα:
Ετικέτες: Προσθήκη ετικέτας
Δεν υπάρχουν, Καταχωρήστε ετικέτα πρώτοι!

MARC

LEADER 00000cam a2200000 i 4500
001 1/33577
008 960805s198u####gr | ||| |||| ||gre||
035 |1 ΕΛΗ  |a 1996  |b 2607  |c ΒΙΒΛΙΟΘΗΚΗ  |l 10039406 
040 |a GR-MyUA  |b gre  |e AACR2 
041 0 |a gre 
082 0 |a 839.822 
100 1 |a Ibsen, Henrik,   |d 1828-1906. 
245 1 2 |a Η κυρά της θάλασσας :   |b δράμα σε πέντε μέρη /   |c Ερρίκου Ιψεν ; μετάφραση προλεγόμενα Λ. Κουκουλά.  
260 |a Αθήνα :   |b Γκοβόστη,   |c [198-].  
300 |a 130 σ. ;   |c 21 εκ.  
490 1 |a (Απαντα Ιψεν   |v ; 3)  
650 0 0 |a Norwegian drama. 
700 1 |a Κουκούλας, Λέων,   |d 1894-1967,  |e trl 
830 0 |a Άπαντα Ιψεν  |v 3 
852 |a INST  |b SAMOS  |e 19960805  |h 839.822 IBS  |p 005300008361  |q 005300008361  |t BK  |y 0 
901 |a BIBL-1997-2 
909 |a Σ  |b 049867